[Event "Elit(Rockaden,Umea-Solna)"]
[Site "?"]
[Date "2011.10.09"]
[Round "3"]
[White "Lindborg, Petter"]
[Black "Eriksson, Jorgen"]
[Result "0-1"]
[WhiteElo "2191"]
[BlackElo "2266"]
[PlyCount "109"]

1. d4 f5 2. Qd3 d5 3. Bf4 Nf6 4. Nf3 e6 5. c4 Bd6 6. Bxd6 cxd6 7. g3 Bd7 8. Bg2
Bc6 9. cxd5 Bxd5 10. Nc3 Bc6 11. O-O O-O 12. Ng5 Bxg2 13. Kxg2 Qd7 14. e4 fxe4
15. Ncxe4 Na6 16. Rfe1 Rae8 17. Qa3 Nxe4 18. Nxe4 Rd8 19. Rac1 h6 20. Rc2 Rf5
21. Rce2 Qc6 22. Kg1 Nc7 23. Nc3 a6 24. Qb4 Rdf8 25. Ne4 Rd8 26. Qc3 Qxc3 27.
Nxc3 b5 28. a3 Rd7 29. Rc1 Kf7 30. Rec2 Nd5 31. Ne4 Nf6 32. Rc7 Ke7 33. Nd2 Nd5
34. R7c6 a5 35. Ne4 Rf3 36. Nc3 Nxc3 37. R1xc3 Rxc3 38. bxc3 Rb7 39. Ra6 b4 40.
axb4 axb4 41. cxb4 Rxb4 42. d5 exd5 43. Ra3 Kf6 44. Re3 Re4 45. Rd3 Ke5 46. f4+
Ke6 47. Kf2 d4 48. Ra3 Kd5 49. Kf3 Re6 50. f5 Re5 51. Ra5+ Kc4 52. Ra4+ Kc3 53.
Ra3+ Kb4 54. Ra6 d5 55. Re6 0-1

[Event "Elit(Rockaden,Umea-Solna)"]
[Site "?"]
[Date "2011.10.09"]
[Round "3"]
[White "Lindgren, Fredrik"]
[Black "Azizi, Haroon"]
[Result "1/2-1/2"]
[WhiteElo "2204"]
[BlackElo "2214"]
[PlyCount "26"]

1. c4 e5 2. g3 Nc6 3. Bg2 f5 4. Nc3 Nf6 5. d3 Bc5 6. Nf3 O-O 7. O-O d6 8. a3 a5
9. Rb1 h6 10. Na4 Bd7 11. Nxc5 dxc5 12. b3 Qe8 13. Ne1 Rd8 1/2-1/2

[Event "Elit(Team Viking-Rockaden,Umea)"]
[Site "?"]
[Date "2012.01.13"]
[Round "5"]
[White "Malmstig, Erik"]
[Black "Berczes, David"]
[Result "0-1"]
[WhiteElo "2334"]
[BlackElo "2583"]
[PlyCount "70"]
[SourceDate "2012.01.18"]

1. d4 d5 2. c4 e6 3. Nc3 c6 4. e4 dxe4 5. Nxe4 Bb4+ 6. Nc3 c5 7. a3 Ba5 8. Be3
Nf6 9. Rc1 cxd4 10. Qxd4 Qxd4 11. Bxd4 Nc6 12. Bxf6 gxf6 13. Nf3 Ke7 14. Be2
Rd8 15. O-O Bxc3 16. Rxc3 a5 17. Rd1 Rxd1+ 18. Bxd1 e5 19. Rb3 Rb8 20. Rb6 Kd6
21. h4 Be6 22. Ba4 Kc7 23. c5 Rd8 24. Bxc6 bxc6 25. Ra6 e4 26. Rxa5 Rd1+ 27.
Kh2 exf3 28. gxf3 Rd3 29. Ra7+ Kb8 30. Ra6 Rxf3 31. Rb6+ Ka7 32. Kg1 Bd5 33. a4
Rh3 34. Kf1 Rxh4 35. b4 Bf3 0-1

[Event "Elit(Team Viking-Rockaden,Umea)"]
[Site "?"]
[Date "2012.01.13"]
[Round "5"]
[White "Berg, Emanuel"]
[Black "Forsberg, Viktor"]
[Result "1-0"]
[WhiteElo "2569"]
[BlackElo "2314"]
[PlyCount "91"]

1. e4 e5 2. Nf3 Nc6 3. Bb5 a6 4. Ba4 Nf6 5. O-O Be7 6. Re1 b5 7. Bb3 d6 8. c3
O-O 9. h3 Na5 10. Bc2 c5 11. d4 Nd7 12. Nbd2 exd4 13. cxd4 Nc6 14. d5 Nce5 15.
Nxe5 Nxe5 16. a4 Rb8 17. f4 Ng6 18. Nf3 Bh4 19. Rf1 Bg3 20. f5 Ne5 21. Ng5 Nd7
22. Nxh7 Kxh7 23. f6 g6 24. Qd2 Nxf6 25. Qh6+ Kg8 26. Bg5 Be5 27. Ra3 Rb7 28.
Qh4 Kg7 29. Qh6+ Kg8 30. Qh4 Kg7 31. Bh6+ Kg8 32. Bg5 Kg7 33. axb5 axb5 34.
Bh6+ Kg8 35. Bg5 Kg7 36. Qh6+ Kg8 37. Qh4 Kg7 38. Qh6+ Kg8 39. Raf3 Ng4 40.
hxg4 f6 41. Bxf6 Bxf6 42. e5 Rh7 43. Qxg6+ Rg7 44. Qh6 Bxe5 45. Rxf8+ Qxf8 46.
Bh7+ 1-0

[Event "Elit(Team Viking-Rockaden,Umea)"]
[Site "?"]
[Date "2012.01.13"]
[Round "5"]
[White "Lindgren, Fredrik"]
[Black "Agrest, Evgenij"]
[Result "0-1"]
[WhiteElo "2199"]
[BlackElo "2714"]
[PlyCount "71"]

1. d4 d5 2. Nf3 Nf6 3. c4 c6 4. cxd5 cxd5 5. Nc3 Nc6 6. Bf4 Nh5 7. Bd2 e6 8. e3
Nf6 9. Bd3 Bd6 10. O-O h6 11. a3 O-O 12. Rc1 e5 13. dxe5 Nxe5 14. Nxe5 Bxe5 15.
f4 Bc7 16. Bb1 Re8 17. Nb5 Bb6 18. Nd4 a5 19. h3 Bd7 20. Qf3 Ne4 21. Be1 Qf6
22. Kh1 Rad8 23. Rd1 Rc8 24. Ba2 Ba4 25. b3 Bd7 26. a4 Qd6 27. Bb1 Qa3 28. Qh5
Nf6 29. Qf3 Qe7 30. Bh4 Qxe3 31. Bxf6 Qxf3 32. Nxf3 gxf6 33. Rxd5 Bc6 34. Rdd1
Re3 35. Bf5 Rc7 36. Rd8+ 0-1

[Event "Elit(Team Viking-Rockaden,Umea)"]
[Site "?"]
[Date "2012.01.13"]
[Round "5"]
[White "Sagit, Rauan"]
[Black "Engman, Rickard"]
[Result "1/2-1/2"]
[WhiteElo "2432"]
[BlackElo "2251"]
[PlyCount "111"]

1. e4 e5 2. Nf3 Nc6 3. Bb5 a6 4. Ba4 Nf6 5. O-O Bc5 6. Nxe5 Nxe5 7. d4 b5 8.
Bb3 Bxd4 9. Qxd4 d6 10. Qd1 Bb7 11. f3 c5 12. c3 O-O 13. Bg5 h6 14. Bh4 Re8 15.
Bc2 Nc4 16. Qc1 d5 17. b3 Nb6 18. Rd1 Qe7 19. Nd2 g5 20. Bf2 dxe4 21. Re1 Nbd5
22. Nxe4 Nxe4 23. Bxe4 Qc7 24. Qc2 Rad8 25. Rad1 c4 26. b4 Nf4 27. Bh7+ Kg7 28.
Bd4+ Kf8 29. Qf5 Qc6 30. Bc5+ Kg7 31. Bd4+ Kf8 32. Kf1 Nd3 33. Rxe8+ Rxe8 34.
h4 Bc8 35. Qf6 Qxf6 36. Bxf6 gxh4 37. Bxd3 cxd3 38. Rxd3 h3 39. gxh3 Bxh3+ 40.
Kf2 Kg8 41. Rd6 Re6 42. Rd8+ Kh7 43. Bd4 Bf5 44. Kg3 Bb1 45. a3 Kg6 46. Kf4 f6
47. Rg8+ Kf7 48. Rg1 Bc2 49. Rg2 Bb1 50. Rb2 Bd3 51. Rd2 Bc4 52. Rd1 Bb3 53.
Rh1 Kg6 54. Rg1+ Kf7 55. Kg4 Re2 56. Kf4 1/2-1/2

[Event "Elit(Team Viking-Rockaden,Umea)"]
[Site "?"]
[Date "2012.01.13"]
[Round "5"]
[White "Nygren, David"]
[Black "Lindberg, Bo"]
[Result "0-1"]
[WhiteElo "2194"]
[BlackElo "2464"]
[PlyCount "80"]

1. e4 e5 2. Nf3 Nc6 3. Bb5 a6 4. Ba4 Nf6 5. O-O Be7 6. Re1 b5 7. Bb3 d6 8. c3
O-O 9. h3 Na5 10. Bc2 c5 11. d3 Nd7 12. Nbd2 Nb6 13. Nf1 Nc6 14. Ng3 Be6 15.
Nh2 Bg5 16. Qh5 h6 17. Ng4 Bxc1 18. Rexc1 Qg5 19. Qxg5 hxg5 20. a3 a5 21. Ne3
g6 22. Bd1 f5 23. Ngf1 Kg7 24. Nh2 Rfd8 25. Nf3 Kf6 26. g4 d5 27. h4 gxh4 28.
g5+ Kf7 29. exf5 gxf5 30. Nxh4 Ne7 31. d4 Rh8 32. Nf3 e4 33. Ne5+ Ke8 34. Be2
Nc4 35. N3xc4 bxc4 36. dxc5 f4 37. Bd1 Kd8 38. Ba4 Kc7 39. Nxc4 Rag8 40. Kf1 f3
0-1

[Event "Elit(Team Viking-Rockaden,Umea)"]
[Site "?"]
[Date "2012.01.13"]
[Round "5"]
[White "Agrest, Inna"]
[Black "Eriksson, Jorgen"]
[Result "0-1"]
[WhiteElo "2345"]
[BlackElo "2246"]
[PlyCount "110"]

1. e4 c5 2. Nf3 g6 3. d4 cxd4 4. Nxd4 Nc6 5. Nc3 Bg7 6. Be3 Nf6 7. Bc4 O-O 8.
Bb3 d6 9. f3 Bd7 10. Qd2 Nxd4 11. Bxd4 b5 12. a4 b4 13. Nd5 Nxd5 14. exd5 Bxd4
15. Qxd4 e5 16. Qxb4 Bf5 17. O-O Rb8 18. Qd2 a5 19. Rae1 Rb4 20. Kh1 g5 21. Re3
Qf6 22. Rc3 Bd7 23. Rc7 Bxa4 24. Bxa4 Rxa4 25. c4 Rb8 26. Rc6 Rab4 27. h3 Rxb2
28. Qe3 R8b3 29. Qe4 Rb4 30. Ra1 a4 31. Ra6 Rd2 32. R6xa4 Rbb2 33. Rg1 Qf4 34.
Qxf4 gxf4 35. Ra6 Rbc2 36. Rxd6 Rxc4 37. Re1 Rcc2 38. Rd8+ Kg7 39. d6 Rxg2 40.
d7 Rh2+ 41. Kg1 Rhg2+ 42. Kh1 Rh2+ 43. Kg1 Rcg2+ 44. Kf1 Rd2 45. Kg1 Rxh3 46.
Rxe5 Kf6 47. Re4 Rxf3 48. Rh8 Rxd7 49. Rxh7 Kg6 50. Rh8 Rg3+ 51. Kf1 Kf5 52.
Ra4 Rgd3 53. Rg8 Rd1+ 54. Ke2 R7d2+ 55. Kf3 Rf1# 0-1

[Event "Elit(Team Viking-Rockaden,Umea)"]
[Site "?"]
[Date "2012.01.13"]
[Round "5"]
[White "Mardell, Jimmy"]
[Black "Cramling, Dan"]
[Result "0-1"]
[WhiteElo "2180"]
[BlackElo "2364"]
[PlyCount "58"]

1. e4 c5 2. Nf3 e6 3. Nc3 a6 4. d4 cxd4 5. Nxd4 Qc7 6. Bd3 Nf6 7. O-O Bc5 8.
Nb3 Be7 9. Kh1 b5 10. a4 b4 11. Na2 Bb7 12. f3 d5 13. Qe1 Nc6 14. Bd2 Rb8 15.
Qe2 dxe4 16. fxe4 O-O 17. Rae1 Nd7 18. Rf3 a5 19. Rh3 g6 20. Qe3 Rfc8 21. Qh6
Nf8 22. Bf4 Bd6 23. e5 Nxe5 24. Bg5 f5 25. Nd4 Bc5 26. Nb5 Qc6 27. Rg3 Nf7 28.
Qh4 Bf2 29. Bf4 Bxe1 0-1

[Event "Elit(Eksjo-Rockaden,Umea)"]
[Site "?"]
[Date "2012.01.14"]
[Round "4"]
[White "Wickstrom, Lucas"]
[Black "Cicak, Slavko"]
[Result "1-0"]
[WhiteElo "2344"]
[BlackElo "2605"]
[PlyCount "69"]
[EventDate "2012.??.??"]

1. d4 g6 2. c4 Bg7 3. Nf3 c5 4. d5 d6 5. e4 Bg4 6. Be2 Nd7 7. O-O Ngf6 8. Nc3
Bxf3 9. Bxf3 O-O 10. Be2 Ne8 11. Bg5 Bf6 12. Bxf6 exf6 13. Qc2 Ng7 14. Bd3 Re8
15. f4 a6 16. a4 Re7 17. Rf3 Qa5 18. Raf1 Rae8 19. Rh3 Nf8 20. g4 Qd8 21. Qf2
Qb6 22. e5 dxe5 23. Ne4 f5 24. a5 fxe4 25. axb6 exd3 26. fxe5 g5 27. Rxd3 Ng6
28. Qxc5 Rxe5 29. Qc7 Nf4 30. Rdf3 Re2 31. Rxf4 gxf4 32. Rxf4 Re1+ 33. Rf1 R1e7
34. d6 Rxc7 35. bxc7 1-0

[Event "Elit(Eksjo-Rockaden,Umea)"]
[Site "?"]
[Date "2012.01.14"]
[Round "4"]
[White "Gdanski, Jacek"]
[Black "Forsberg, Viktor"]
[Result "1/2-1/2"]
[WhiteElo "2591"]
[BlackElo "2314"]
[PlyCount "93"]
[SourceDate "2012.01.18"]

1. e4 e5 2. Nf3 Nc6 3. Bb5 a6 4. Ba4 Nf6 5. O-O Be7 6. Re1 b5 7. Bb3 d6 8. c3
O-O 9. h3 Na5 10. Bc2 c5 11. d4 Nd7 12. Nbd2 exd4 13. cxd4 Nc6 14. a4 Rb8 15.
axb5 axb5 16. d5 Nce5 17. Nxe5 Nxe5 18. f4 Ng6 19. Nb3 Bf6 20. Kh1 Re8 21. Rf1
Rb6 22. Na5 Bd7 23. Ra2 Qc7 24. Nb3 Rbb8 25. Be3 b4 26. e5 c4 27. Ra7 Qc8 28.
Na5 dxe5 29. Bxg6 hxg6 30. Nxc4 Qxc4 31. Rxd7 Rbd8 32. b3 Qb5 33. Rxd8 Rxd8 34.
fxe5 Rxd5 35. Qc1 Rxe5 36. Bd4 Re6 37. Bxf6 gxf6 38. Qc4 Qb8 39. Qf4 Qf8 40.
Qd4 Qe7 41. Kh2 Kg7 42. Rf4 Qc7 43. h4 Re5 44. Qxb4 g5 45. Rc4 Rb5+ 46. Rxc7
Rxb4 47. hxg5 1/2-1/2

[Event "Elit(Eksjo-Rockaden,Umea)"]
[Site "?"]
[Date "2012.01.14"]
[Round "4"]
[White "Malmstig, Erik"]
[Black "Vernersson, Per"]
[Result "1-0"]
[WhiteElo "2334"]
[BlackElo "2454"]
[PlyCount "61"]

1. d4 d5 2. c4 dxc4 3. Nc3 e5 4. d5 Nf6 5. e4 Nbd7 6. Bxc4 a6 7. a4 Bd6 8. Nge2
Nf8 9. h4 h6 10. h5 N8h7 11. Qb3 O-O 12. Ng3 Bc5 13. Be2 Qe7 14. Bd2 c6 15. Nd1
cxd5 16. exd5 Rd8 17. Nc3 Bd4 18. Bc4 e4 19. Bf4 Ng4 20. O-O-O Bxc3 21. bxc3
Nxf2 22. Rhf1 Nxd1 23. d6 Qf6 24. Nxe4 Qh4 25. Bxf7+ Kh8 26. Qxd1 Bg4 27. Qd4
Be2 28. Bxh6 Nf6 29. Rxf6 gxf6 30. Bg5 Rxd6 31. Qxd6 1-0

[Event "Elit(Eksjo-Rockaden,Umea)"]
[Site "?"]
[Date "2012.01.14"]
[Round "4"]
[White "Bejtovic, Jasmin"]
[Black "Engman, Rickard"]
[Result "1-0"]
[WhiteElo "2460"]
[BlackElo "2251"]
[PlyCount "55"]

1. c4 Nf6 2. g3 c6 3. Bg2 d5 4. Nf3 dxc4 5. Na3 e5 6. Nxc4 e4 7. Nfe5 b5 8. Ne3
Qd4 9. f4 Bc5 10. Rb1 Nd5 11. Qc2 f6 12. Qxe4 Qxe4 13. Bxe4 Nxe3 14. Nd3 Nc2+
15. Kd1 Nb4 16. Nxc5 Nxa2 17. d4 Nxc1 18. Rxc1 Ke7 19. Kd2 Rd8 20. e3 f5 21.
Bf3 a5 22. Nd3 Be6 23. Bxc6 Nxc6 24. Rxc6 Bd5 25. Rc7+ Rd7 26. Rhc1 Ra7 27.
Rxd7+ Rxd7 28. Rc5 1-0

[Event "Elit(Eksjo-Rockaden,Umea)"]
[Site "?"]
[Date "2012.01.14"]
[Round "4"]
[White "Nygren, David"]
[Black "Malesevic, Nedeljko"]
[Result "1/2-1/2"]
[WhiteElo "2194"]
[BlackElo "2362"]
[PlyCount "171"]
[EventDate "2012.??.??"]

1. e4 c6 2. c4 g6 3. Nc3 Bg7 4. d4 d6 5. Be3 Nf6 6. Be2 Qa5 7. f3 a6 8. g4 h6
9. Qd2 b5 10. h4 bxc4 11. Bxc4 Nbd7 12. Nge2 d5 13. exd5 Nb6 14. Bb3 Nbxd5 15.
Nxd5 Qxd2+ 16. Kxd2 Nxd5 17. Rac1 Nxe3 18. Kxe3 Bd7 19. Ba4 Rb8 20. b3 h5 21.
g5 Rc8 22. Rc5 f6 23. d5 fxg5 24. dxc6 O-O 25. hxg5 Rc7 26. Rd1 Bc8 27. b4 e5
28. Bb3+ Kh7 29. a4 Rf5 30. b5 Bf8 31. Rc2 axb5 32. axb5 e4 33. Nd4 Bc5 34.
Rxc5 Rxc5 35. fxe4 Rxg5 36. b6 Rxc6 37. Nxc6 Rg3+ 38. Kf4 Rxb3 39. Ne7 Ba6 40.
Rd6 h4 41. Nxg6 h3 42. Nf8+ Kg8 43. Nd7 Kg7 44. Rd2 Bc8 45. e5 h2 46. Rxh2 Bxd7
47. Rd2 Bc6 48. Rd6 Rxb6 49. Kg5 Kf7 50. Rf6+ Ke7 51. Rd6 Ra6 52. Rf6 Kd7 53.
Rd6+ Kc7 54. Kf6 Ra3 55. Rd2 Rf3+ 56. Ke7 Rh3 57. Kf6 Bd7 58. Rg2 Kd8 59. Rg8+
Kc7 60. Rg1 Rh6+ 61. Rg6 Rh8 62. e6 Bc6 63. Kg7 Rh3 64. Rh6 Rc3 65. Kf8 Rf3+
66. Ke7 Bd5 67. Rg6 Re3 68. Rf6 Bb7 69. Kf8 Bc8 70. Ke7 Rh3 71. Rf2 Bb7 72. Rd2
Rh7+ 73. Kf8 Rh8+ 74. Kg7 Rh4 75. Kf6 Rf4+ 76. Ke5 Rf1 77. e7 Bc6 78. Rc2 Re1+
79. Kf6 Kd6 80. Rd2+ Kc7 81. Rd8 Bd7 82. Kf7 Be6+ 83. Kf6 Bd7 84. Kf7 Rf1+ 85.
Kg7 Re1 86. Kf7 1/2-1/2

[Event "Elit(Eksjo-Rockaden,Umea)"]
[Site "?"]
[Date "2012.01.14"]
[Round "4"]
[White "Ornstein, Axel"]
[Black "Eriksson, Jorgen"]
[Result "0-1"]
[WhiteElo "2444"]
[BlackElo "2246"]
[PlyCount "94"]
[SourceDate "2012.01.18"]

1. e4 c5 2. Nf3 g6 3. d4 cxd4 4. Nxd4 Nc6 5. c4 Nf6 6. Nc3 Nxd4 7. Qxd4 d6 8.
Bg5 Bg7 9. Qd2 h6 10. Be3 Be6 11. Rc1 a5 12. Be2 h5 13. O-O O-O 14. f4 Bd7 15.
f5 Bc6 16. Bh6 Nxe4 17. Nxe4 Bxh6 18. Qxh6 Bxe4 19. Bxh5 Qb6+ 20. Rf2 Qd4 21.
Bxg6 Qg7 22. Qxg7+ Kxg7 23. Bh5 Kf6 24. Bf3 Bxf3 25. Rxf3 Rac8 26. Rb3 Rc7 27.
Rb5 Rfc8 28. Rxa5 Rxc4 29. Rxc4 Rxc4 30. Rb5 e5 31. fxe6 fxe6 32. Rxb7 d5 33.
Kf2 Kf5 34. Kf3 Rf4+ 35. Ke3 Re4+ 36. Kd3 Re1 37. Rf7+ Ke5 38. Rf2 Kd6 39. b4
Rb1 40. Kc3 e5 41. a4 d4+ 42. Kc4 Rc1+ 43. Kd3 Kd5 44. Rb2 Rg1 45. b5 e4+ 46.
Kc2 Kc4 47. b6 e3 0-1

[Event "Elit(Eksjo-Rockaden,Umea)"]
[Site "?"]
[Date "2012.01.14"]
[Round "4"]
[White "Lindgren, Fredrik"]
[Black "Krantz, Christopher"]
[Result "1-0"]
[WhiteElo "2199"]
[BlackElo "2351"]
[PlyCount "167"]

1. d4 Nf6 2. c4 e6 3. Nf3 b6 4. Nc3 Bb7 5. Bg5 h6 6. Bh4 g5 7. Bg3 Ne4 8. Qc2
f5 9. e3 Nxg3 10. hxg3 Qf6 11. Bd3 Bg7 12. O-O-O Nc6 13. Qa4 O-O 14. g4 a6 15.
gxf5 b5 16. cxb5 axb5 17. Qxb5 Ba6 18. Ne4 Qxf5 19. Qxf5 Rxf5 20. Bxa6 Rxa6 21.
Kb1 Rfa5 22. Nc5 Ra7 23. a3 Nb8 24. Nd3 Rb5 25. Kc2 d6 26. Nd2 Nd7 27. Ne4 Rb8
28. Rb1 Nb6 29. Nb4 Rab7 30. Nc6 Rf8 31. Rhf1 Kf7 32. Kd3 Ke8 33. b4 Kd7 34.
Na5 Ra7 35. Rbc1 Nd5 36. Rc2 Rb8 37. Rfc1 Rf8 38. f3 Rb8 39. Ke2 Re8 40. Nc3
Nxc3+ 41. Rxc3 e5 42. dxe5 Bxe5 43. Rd3 Raa8 44. g4 Bg7 45. Kf2 Rf8 46. Rcd1
Rf7 47. Kg2 Raf8 48. e4 Be5 49. Nc4 Ke6 50. Nxe5 Kxe5 51. Rh1 Rh7 52. Rd5+ Kf6
53. Rf5+ Kg7 54. Rxf8 Kxf8 55. b5 Ke8 56. Rd1 Kd7 57. e5 Ke6 58. b6 cxb6 59.
Rxd6+ Kxe5 60. Rxb6 Kf4 61. Rf6+ Ke3 62. Kg3 Rh8 63. a4 h5 64. gxh5 Rxh5 65.
Rf5 Rh1 66. Re5+ Kd4 67. Rxg5 Rg1+ 68. Kf4 Ra1 69. a5 Ra4 70. Kg3 Ra1 71. Kg4
Ra3 72. f4 Ra1 73. Re5 Ra4 74. Kf5 Kd3 75. Kg5 Kd4 76. Kf6 Ra1 77. f5 Rh1 78.
Re6 Kd5 79. a6 Ra1 80. Kf7 Rh1 81. Re2 Ra1 82. f6 Rxa6 83. Kg7 Ra2 84. Rxa2 1-0

[Event "Elit(Eksjo-Rockaden,Umea)"]
[Site "?"]
[Date "2012.01.14"]
[Round "4"]
[White "Thornert, Hakan"]
[Black "Mardell, Jimmy"]
[Result "0-1"]
[WhiteElo "2260"]
[BlackElo "2180"]
[PlyCount "70"]

1. e4 c5 2. Nf3 d6 3. d4 cxd4 4. Nxd4 Nf6 5. Nc3 g6 6. Be3 Bg7 7. f3 O-O 8. Qd2
Nc6 9. Bc4 Bd7 10. O-O-O Rb8 11. Bb3 Na5 12. Bh6 b5 13. Bxg7 Kxg7 14. Nd5 Nc4
15. Bxc4 bxc4 16. g4 e6 17. Ne3 Qc7 18. Qc3 e5 19. Ne2 Be6 20. g5 Nd7 21. Nf4
Nb6 22. Nfd5 Bxd5 23. Nxd5 Qd8 24. Nxb6 Qxg5+ 25. Kb1 Rxb6 26. Qxc4 Qe3 27.
Rhf1 Qa3 28. b3 Ra6 29. Rd5 Qxa2+ 30. Kc1 Rc8 31. Qxc8 Qa1+ 32. Kd2 Qxf1 33.
Rd3 Qf2+ 34. Kc3 Ra2 35. Kb4 Rxc2 0-1

[Event "Elit(Manhem-Limhamn)"]
[Site "?"]
[Date "2012.01.14"]
[Round "6"]
[White "Jepson, Christian"]
[Black "Nithander, Victor"]
[Result "1/2-1/2"]
[WhiteElo "2467"]
[BlackElo "2519"]
[PlyCount "96"]
[EventDate "2012.??.??"]
[SourceDate "2012.01.17"]

1. d4 g6 2. c4 Bg7 3. Nf3 Nf6 4. Nc3 O-O 5. e4 d6 6. Be2 e5 7. d5 a5 8. Bg5 Na6
9. Nd2 Bd7 10. h4 h6 11. Be3 h5 12. f3 c6 13. a3 Qb8 14. Rb1 Nc5 15. b4 axb4
16. axb4 cxd5 17. Nxd5 Nxd5 18. exd5 Na4 19. Qb3 f5 20. c5 e4 21. c6 Be8 22.
fxe4 Nc3 23. Rc1 Nxe2 24. Kxe2 bxc6 25. dxc6+ Bf7 26. c7 Qb7 27. Qc2 fxe4 28.
Rhf1 d5 29. Qc6 Qxc6 30. Rxc6 d4 31. Bg5 e3 32. Rfc1 exd2 33. Kxd2 Rfc8 34. b5
Bd5 35. Rd6 Bxg2 36. b6 Be5 37. Re6 Ra2+ 38. Kd3 Bg7 39. Rd6 Bb7 40. Rd8+ Kh7
41. Rb1 Rca8 42. Rb3 R8a3 43. Rxa3 Rxa3+ 44. Kd2 Ra2+ 45. Kc1 Ra1+ 46. Kd2 Ra2+
47. Kc1 Ra1+ 48. Kd2 Ra2+ 1/2-1/2

[Event "Elit(Manhem-Limhamn)"]
[Site "?"]
[Date "2012.01.14"]
[Round "6"]
[White "Penalver, Osmani"]
[Black "Hultin, Johan"]
[Result "1/2-1/2"]
[WhiteElo "2307"]
[BlackElo "2359"]
[PlyCount "85"]
[EventDate "2012.??.??"]

1. d4 d5 2. c4 c6 3. Nf3 Nf6 4. Nc3 dxc4 5. a4 Bf5 6. e3 e6 7. Bxc4 Bb4 8. O-O
O-O 9. Qb3 Qb6 10. Ne5 Ne4 11. Nxe4 Bxe4 12. a5 Bxa5 13. Rxa5 Qxa5 14. Qxb7 Bd5
15. Qxa8 Qc7 16. Bxd5 cxd5 17. e4 f6 18. Bf4 fxe5 19. Bxe5 Qc6 20. Qxc6 Nxc6
21. exd5 exd5 22. f4 g6 23. Rc1 Nxe5 24. fxe5 Rf4 25. Rd1 Re4 26. g3 a5 27. Ra1
Rxd4 28. Rxa5 Kf7 29. Ra7+ Ke6 30. Rxh7 Rd1+ 31. Kf2 Rd2+ 32. Ke3 Rxb2 33. Kf4
Rf2+ 34. Kg5 d4 35. Rh8 Kxe5 36. Re8+ Kd5 37. h4 d3 38. g4 Rg2 39. Rd8+ Ke4 40.
Re8+ Kf3 41. Rf8+ Ke2 42. Re8+ Kf3 43. Rf8+ 1/2-1/2

[Event "Elit(Manhem-Limhamn)"]
[Site "?"]
[Date "2012.01.14"]
[Round "6"]
[White "Lindgren, Philip"]
[Black "Welin, Mats"]
[Result "1/2-1/2"]
[WhiteElo "2275"]
[BlackElo "2353"]
[PlyCount "87"]
[EventDate "2012.??.??"]

1. d4 Nf6 2. c4 e6 3. g3 d5 4. Nf3 dxc4 5. Bg2 c5 6. O-O Nc6 7. Qa4 Bd7 8. Qxc4
cxd4 9. Nxd4 Rc8 10. Nc3 Nxd4 11. Qxd4 Bc5 12. Qh4 O-O 13. Bg5 h6 14. Bxf6 Qxf6
15. Qxf6 gxf6 16. Bxb7 Rb8 17. Bf3 Rxb2 18. Rfd1 Be8 19. Rab1 Ba3 20. Rxb2 Bxb2
21. Ne4 f5 22. Nc5 Ba3 23. Nd7 Bxd7 24. Rxd7 Bc5 25. Bh5 Kg7 26. a4 a5 27. Kg2
Kf6 28. e3 Bb4 29. Ra7 Bc3 30. h3 e5 31. g4 fxg4 32. hxg4 e4 33. Kg3 Be5+ 34.
f4 exf3+ 35. Kxf3 Bc3 36. Kf4 Bb4 37. Ra6+ Kg7 38. Ra7 Kf6 39. Rb7 Bd2 40. Kf3
Bb4 41. Ra7 Bc3 42. Kf4 Bb4 43. Ra6+ Kg7 44. Ra7 1/2-1/2

[Event "Elit(Manhem-Limhamn)"]
[Site "?"]
[Date "2012.01.14"]
[Round "6"]
[White "Carlhammar, Magnus"]
[Black "Johansson, Linus"]
[Result "1-0"]
[WhiteElo "2329"]
[BlackElo "2331"]
[PlyCount "103"]
[EventDate "2012.??.??"]

1. Nf3 Nf6 2. c4 e6 3. g3 b6 4. Bg2 Bb7 5. O-O Be7 6. Nc3 O-O 7. Re1 c5 8. e4
d6 9. d4 cxd4 10. Nxd4 a6 11. e5 dxe5 12. Bxb7 Ra7 13. Nc6 Qxd1 14. Nxe7+ Kh8
15. Rxd1 Rxb7 16. b3 b5 17. Be3 Re8 18. Bc5 b4 19. Ncd5 exd5 20. Nxd5 Nxd5 21.
Rxd5 Kg8 22. Rad1 f6 23. Rd6 Rc8 24. R1d5 Kf7 25. Kg2 a5 26. Rb6 Rxb6 27. Bxb6
a4 28. Rb5 axb3 29. axb3 Nc6 30. Bc5 Kg6 31. Kf3 h5 32. Ke4 Rd8 33. Rb6 Na5 34.
Rxb4 Rd1 35. Rb5 Nc6 36. Rb6 Nd8 37. Be3 Kf7 38. c5 Ke7 39. h4 g6 40. b4 Nf7
41. Rb7+ Ke6 42. Rb6+ Ke7 43. b5 Nd8 44. Ra6 Rb1 45. c6 f5+ 46. Kd3 Ne6 47.
Ra7+ Kd8 48. Kc4 f4 49. Bb6+ Ke8 50. Kd5 Nd8 51. Bxd8 fxg3 52. fxg3 1-0

[Event "Elit(Manhem-Limhamn)"]
[Site "?"]
[Date "2012.01.14"]
[Round "6"]
[White "Hansen, Anders"]
[Black "Moberg, Karl Johan"]
[Result "0-1"]
[WhiteElo "2100"]
[BlackElo "2337"]
[PlyCount "104"]
[EventDate "2012.??.??"]

1. d4 Nf6 2. c4 g6 3. Nc3 d5 4. Nf3 Bg7 5. Bg5 Ne4 6. Bh4 Nxc3 7. bxc3 dxc4 8.
e3 b5 9. Qb1 a6 10. a4 c6 11. Be2 Nd7 12. O-O Nb6 13. Rc1 O-O 14. Bg3 Bf5 15.
e4 Bg4 16. a5 Nd7 17. Qc2 Bxf3 18. Bxf3 e5 19. Rd1 Qe7 20. Rab1 c5 21. d5 Qd6
22. Qd2 h5 23. Be2 Kh7 24. h4 Bh6 25. Qc2 Rad8 26. Rb2 Rfe8 27. Qb1 Bf4 28. Rf1
Re7 29. Qd1 Kg7 30. Qc2 Nf6 31. Rd1 Ne8 32. Bf3 Qf6 33. Rf1 Nd6 34. Qb1 Rb8 35.
Qc2 Reb7 36. Rbb1 Bxg3 37. fxg3 Qd8 38. Qe2 b4 39. Bxh5 bxc3 40. Rxb7 Rxb7 41.
Bg4 Rb2 42. Qe3 c2 43. Qc3 Rb1 44. Qxc2 Rxf1+ 45. Kxf1 Qxa5 46. Bf3 Qa1+ 47.
Kf2 Qd4+ 48. Ke1 c3 49. g4 Nc4 50. g5 Qg1+ 51. Ke2 Qe3+ 52. Kf1 Nd2+ 0-1

[Event "Elit(Manhem-Limhamn)"]
[Site "?"]
[Date "2012.01.14"]
[Round "6"]
[White "Akesson, Joel"]
[Black "Tadjerbashi, Amir"]
[Result "1/2-1/2"]
[WhiteElo "2349"]
[BlackElo "2240"]
[PlyCount "106"]
[EventDate "2012.??.??"]

1. Nf3 d5 2. d4 Nf6 3. c4 c6 4. e3 e6 5. Bd3 Nbd7 6. O-O Bd6 7. Nbd2 O-O 8. e4
dxe4 9. Nxe4 Nxe4 10. Bxe4 h6 11. Bc2 e5 12. Re1 exd4 13. Qxd4 Bc7 14. Bf4 Bxf4
15. Qxf4 Qf6 16. Qe4 g6 17. b3 Kg7 18. Rad1 Nb6 19. Qe7 Qxe7 20. Rxe7 Kf6 21.
Rc7 Re8 22. Rd6+ Re6 23. Rd4 g5 24. h4 Re2 25. Rd6+ Be6 26. Rd2 Rxd2 27. hxg5+
hxg5 28. Nxd2 g4 29. Rxb7 Ke5 30. c5 Nd7 31. b4 a5 32. Bb3 axb4 33. Bxe6 Kxe6
34. Nb3 Ne5 35. Rxb4 Rxa2 36. Rd4 Ke7 37. Rb4 Rc2 38. Re4 Kf6 39. Rf4+ Kg5 40.
Re4 Nd3 41. Re7 Nxf2 42. Rxf7 Ne4 43. Rf5+ Kxf5 44. Nd4+ Ke5 45. Nxc2 Nxc5 46.
Nb4 Kd6 47. Kf2 Ne4+ 48. Ke3 c5 49. Nd3 Nf6 50. Kf4 c4 51. Nc1 Kd5 52. Ne2 Ke6
53. g3 Nh5+ 1/2-1/2

[Event "Elit(Vasteras-Rockaden,Sthlm)"]
[Site "?"]
[Date "2012.01.14"]
[Round "4"]
[White "Blomqvist, Erik"]
[Black "Akesson, Ralf"]
[Result "0-1"]
[WhiteElo "2514"]
[BlackElo "2442"]
[PlyCount "106"]
[SourceDate "2012.01.19"]

1. e4 c5 2. Nf3 e6 3. g3 Nc6 4. Bg2 Nf6 5. d3 d5 6. Nbd2 Be7 7. O-O b6 8. Re1
Bb7 9. e5 Nd7 10. h4 Qc7 11. Qe2 h6 12. h5 O-O-O 13. c4 Nb4 14. Nb1 dxc4 15.
dxc4 Nb8 16. Nc3 a6 17. Be3 Rd7 18. Red1 Rhd8 19. a3 N4c6 20. Bf4 Rxd1+ 21.
Rxd1 Rxd1+ 22. Qxd1 Nd7 23. Nd5 exd5 24. e6 Bd6 25. cxd5 Ncb8 26. Bh3 Kd8 27.
exf7 Bxf4 28. Qe2 Qd6 29. gxf4 Qxd5 30. Qe8+ Kc7 31. f8=Q Nxf8 32. Qxf8 Qd1+
33. Kh2 Qxf3 34. Qxg7+ Nd7 35. Qxd7+ Kb8 36. Qd2 Qxh5 37. f5 Qf3 38. Qe3 Kc7
39. Qxf3 Bxf3 40. Kg3 Bd5 41. Kf4 Kd6 42. Bg4 Bf7 43. a4 b5 44. a5 b4 45. Be2
c4 46. Ke4 Kc5 47. Ke5 h5 48. Kf6 c3 49. bxc3 bxc3 50. Bd1 Be8 51. Ke7 Bb5 52.
Bb3 Bc4 53. Bxc4 Kxc4 0-1

[Event "Elit(Vasteras-Rockaden,Sthlm)"]
[Site "?"]
[Date "2012.01.14"]
[Round "4"]
[White "Norberg, Johan"]
[Black "Bator, Robert"]
[Result "1/2-1/2"]
[WhiteElo "2349"]
[BlackElo "2493"]
[PlyCount "37"]

1. e4 c5 2. Nf3 Nc6 3. d4 cxd4 4. Nxd4 e5 5. Nb5 d6 6. c4 Be7 7. N1c3 a6 8. Na3
Be6 9. Bd3 Bg5 10. O-O Bxc1 11. Rxc1 Nf6 12. Nd5 O-O 13. Qd2 Nd4 14. Nxf6+ Qxf6
15. Nc2 Nxc2 16. Rxc2 Rfd8 17. Qe3 Rac8 18. b3 h6 19. Be2 1/2-1/2